| 000 | 01181nam a22002777a 4500 | ||
|---|---|---|---|
| 999 |
_c65022 _d65022 |
||
| 005 | 20240530110803.0 | ||
| 008 | 190216s2018 ua a g b 000 0 ara d | ||
| 017 |
_a2650 _bمصر. دار الكتب |
||
| 020 | _a9789773145101 | ||
| 040 |
_aEG-CaGPL _cEG-CaGPL |
||
| 082 | 0 | 4 |
_221 _a737.4953 \ _bع م |
| 100 | 0 | _aعاطف منصور محمد رمضان | |
| 245 | 1 | 0 |
_aموسوعة النقوش الاثارية على المسكوكات الاسلامية . _nالجزء الاول ، _pالنقوش غير القرانية فى مصر وشرق العالم الاسلامى / _cعاطف منصور محمد رمضان |
| 250 | _aط.1 | ||
| 260 |
_aالقاهرة : _bمكتبة زهراء الشرق ، _c2018 . |
||
| 300 |
_a606 ص. : _bلوحات ؛ _c24 سم. |
||
| 504 | _aيشتمل على ارجاعات ببليوجرافية | ||
| 650 | 0 | 7 |
_2qrmak _aالمسكوكات الاسلامية |
| 650 | 0 | 7 |
_aالمسكوكات القديمة _2qrmak |
| 650 | 0 | 7 |
_aالنقوش _2qrmak |
| 650 | 0 | 7 |
_aالنقوش الاسلامية _2qrmak |
| 650 | 0 | 7 |
_2qrmak _aالمسكوكات |
| 651 | _2qrmak | ||
| 942 |
_2ddc _cBK |
||